| 000 | 00857 a2200277 4500 | ||
|---|---|---|---|
| 650 | 0 |
_aÇocuklar _zTürkiye _xSosyal durum _918023 |
|
| 999 |
_c200420119 _d37035 |
||
| 001 | 200420119 | ||
| 003 | TR-AnTOB | ||
| 005 | 20220118084914.0 | ||
| 007 | ta | ||
| 008 | 140811s 1 tu 000 0 | ||
| 040 |
_aTR-AnTOB _btur _erda _cTR-AnTOB |
||
| 041 | 0 | _atur | |
| 050 | 0 | 0 | _aHQ792.T9 |
| 090 | 0 |
_aHQ792.T9 _bG65 1983 |
|
| 100 | 1 |
_aGökçe, Birsen, _d1936- _4author _995810 |
|
| 245 | 1 | 0 |
_aCumhuriyet döneminde çocuk ve gençlere ait yasal düzenlemeler ve yayınlar / _cBirsen Gökçe. |
| 264 |
_aAnkara,: _bT.C. Gençlik ve Spor Bakanlığı, _c1983. |
||
| 300 |
_axvi, 622 sayfa, _c24 cm. |
||
| 336 |
_atext _2rdacontent |
||
| 337 |
_aunmediated _2rdamedia |
||
| 338 |
_avolume _2rdacarrier |
||
| 650 | 0 |
_aChildren _zTurkey _zSocial conditions _918020 |
|
| 942 |
_cBK _2lcc |
||